000 00931nam a2200289 i 4500
001 000033567
003 DO-SdBNP
005 20260302080342.0
007 ta
008 110831e1927 dr 000 p spa d
040 _aDO-SdBNP
_bspa
_cBNPHU
_erda
082 4 _aRD861.3
_bA414d
_222
100 1 _aAlix, Juan Antonio,
_d1833-1918
_eautor
_911349
245 1 0 _aDécimas /
_cJuan Antonio Alix ; prólogo, José R. López.
264 1 _aSanto Domingo :
_bJ. R. vda. García,
_c1927
300 _a215 páginas ;
_c22 cm.
336 _2rdacontent
_atexto
_btxt
337 _2rdamedia
_asin mediación
_bn
338 _2rdacarrier
_avolumen
_bnc
590 _aInventariado, 2020/MFF
650 4 _aPoesía dominicana
_966
650 4 _aLiteratura dominicana.
_967
650 0 _aFolclore
_zRepública Dominicana
_933448
700 1 _aLópez, José R.,
_dprólogo
_959064
910 _aValidado. Control de calidad MFF
942 _2ddc
_cLBS1
999 _c33058
_d33058